Some coins of Artaxerxes and other short texts in the Demotic script found on various objects and gathered from many publications /

محفوظ في:

المؤلف الرئيسي: Vleeming, S. P.

التنسيق: كتاب

اللغة: English

منشور في: Sterling, Va. : Peeters, 2001.

سلاسل: Studia demotica ; 5.

الموضوعات:

الوسوم: إضافة وسم

لا توجد وسوم, كن أول من يضع وسما على هذه التسجيلة!

رقم الطلب: PJ1807 .S85 v.5

LEADER 00831nam a22002417a 4500
003 OSt
005 20251027101522.0
008 251027t2001 vaua b 001 0 eng d
020 |a 9042910615 
040 |c ARCE Library 
050 1 4 |a PJ1807  |b .S85 v.5 
100 1 |a Vleeming, S. P. 
245 1 0 |a Some coins of Artaxerxes and other short texts in the Demotic script found on various objects and gathered from many publications /   |c S. P. Vleeming. 
264 1 |a Sterling, Va. :   |b Peeters,   |c 2001. 
300 |a  xxxviii, 340 p. :   |b ill. ;   |c 26 cm. 
490 0 |a Studia demotica ; 5. 
504 |a Includes bibliographical references and index. 
650 0 |a Egyptian language -- Demotic period (Egypt) 
650 0 |a Inscriptions, Egyptian. 
651 0 |a Egypt -- Antiquities. 
901 |a reviewed 
942 |2 lcc  |c BK 
999 |c 50365  |d 50365